[Event "XXIII Festival A"]
[Site "Porto San Giorgio ITA"]
[Date "2011.08.27"]
[Round "8"]
[White "Mantovani, Enrico"]
[Black "Paduano, Gennaro"]
[Result "1-0"]
[WhiteElo "1758"]
[BlackElo "1859"]
[PlyCount "81"]
[EventDate "2011.08.21"]

1. d4 g6 2. c4 Bg7 3. Nc3 c5 4. d5 Bxc3+ 5. bxc3 f5 6. Qc2 Nf6 7. f3 d6 8. e4
O-O 9. Bd3 fxe4 10. fxe4 Nbd7 11. Nf3 Ng4 12. O-O Nge5 13. Be2 Rf7 14. Bh6 Ng4
15. Bd2 Nge5 16. Ng5 Rxf1+ 17. Rxf1 Nb6 18. Bc1 Nbxc4 19. Bxc4 Nxc4 20. Qf2 Ne5
21. Qh4 h5 22. Ne6 Bxe6 23. dxe6 Qc7 24. Bh6 b5 25. Qg5 Kh7 26. Bf8 Rxf8 27.
Rxf8 c4 28. h3 b4 29. Re8 bxc3 30. Rxe7+ Qxe7 31. Qxe7+ Kh6 32. Qf8+ Kg5 33.
Qf2 Nd3 34. Qc2 Kf6 35. Qxc3+ Ne5 36. Kf2 Kxe6 37. Ke3 g5 38. Kd4 g4 39. Qa3 h4
40. hxg4 a5 41. g5 1-0

[Event "XXIII Festival A"]
[Site "Porto San Giorgio ITA"]
[Date "2011.08.27"]
[Round "8"]
[White "Marigo, Narciso"]
[Black "Movileanu, Daniela"]
[Result "0-1"]
[WhiteElo "1989"]
[BlackElo "1931"]
[PlyCount "64"]
[EventDate "2011.08.21"]

1. d4 Nf6 2. Nf3 g6 3. h3 Bg7 4. Bf4 d5 5. e3 c5 6. c3 O-O 7. Bd3 Qb6 8. Qc1
Nc6 9. O-O Bd7 10. Nbd2 Rac8 11. Bc2 cxd4 12. exd4 Rfe8 13. Re1 Bf5 14. Bxf5
gxf5 15. Nb3 Ne4 16. Bh6 Nxd4 17. Nfxd4 Bxh6 18. Qd1 e5 19. Rxe4 fxe4 20. Qg4+
Qg6 21. Nf5 Bf8 22. Qxg6+ hxg6 23. Ne3 Red8 24. Rd1 d4 25. cxd4 exd4 26. Rxd4
Rxd4 27. Nxd4 Bc5 28. Ndc2 Bxe3 29. Nxe3 Rc1+ 30. Kh2 Rb1 31. Nc4 b5 32. Nd6
Rxb2 0-1

[Event "XXIII Festival A"]
[Site "Porto San Giorgio ITA"]
[Date "2011.08.27"]
[Round "8"]
[White "Marinone, Lucio"]
[Black "Zamengo, Bruno"]
[Result "0-1"]
[WhiteElo "2002"]
[BlackElo "1936"]
[PlyCount "118"]
[EventDate "2011.08.21"]

1. d4 Nf6 2. c4 c5 3. d5 b5 4. Nf3 g6 5. Nbd2 bxc4 6. e4 Ba6 7. Qa4 Bg7 8. Bxc4
Bxc4 9. Qxc4 d6 10. O-O O-O 11. Rb1 Nbd7 12. b3 Qa5 13. Qc2 Nb6 14. Nc4 Nxc4
15. bxc4 Rab8 16. Bd2 Qa6 17. e5 Nd7 18. exd6 Qxd6 19. Bc3 Rb6 20. Bxg7 Kxg7
21. Rb3 Rfb8 22. Nd2 e6 23. Ne4 Qe5 24. dxe6 Rxe6 25. Rxb8 Nxb8 26. Nc3 Nc6 27.
Nd5 Nd4 28. Qb1 Ne2+ 29. Kh1 Nc3 30. Nxc3 Qxc3 31. Qb3 Qxb3 32. axb3 Rb6 33. g3
Rxb3 34. Ra1 Rb7 35. Ra5 Rc7 36. Kg2 Kf6 37. f4 Ke6 38. Kf3 f5 39. Ke3 Kd7 40.
Kd3 Kc6 41. Kc3 Kb7 42. Rb5+ Ka8 43. Ra5 Rc6 44. Kd3 a6 45. Kc3 Ka7 46. Kc2 Kb6
47. Ra4 Re6 48. Kd2 Re4 49. Kd3 Re1 50. Ra2 Rb1 51. Kc3 a5 52. Rb2+ Rxb2 53.
Kxb2 a4 54. Ka2 h6 55. h4 Ka5 56. h5 gxh5 57. Ka3 h4 58. g4 fxg4 59. f5 g3 0-1

[Event "XXIII Festival A"]
[Site "Porto San Giorgio ITA"]
[Date "2011.08.27"]
[Round "8"]
[White "Marsili, Riccardo"]
[Black "Miandro, Steven"]
[Result "1-0"]
[WhiteElo "1962"]
[BlackElo "1834"]
[PlyCount "97"]
[EventDate "2011.08.21"]

1. e4 c5 2. Nf3 d6 3. d4 cxd4 4. Nxd4 Nf6 5. Nc3 a6 6. Be3 e5 7. Nb3 Be6 8. f3
Nbd7 9. Qd2 b5 10. O-O-O Be7 11. g4 h6 12. h4 Nb6 13. Qf2 Nfd7 14. Kb1 Rc8 15.
Nd5 Bxd5 16. exd5 Nc4 17. Bxc4 bxc4 18. Nc1 Nc5 19. c3 Na4 20. Rd2 Rb8 21. Ka1
Qc7 22. Rc2 Qb7 23. Qd2 Nb6 24. Bxb6 Qxb6 25. f4 Qc5 26. fxe5 dxe5 27. Qg2 Rd8
28. Rd2 Qd6 29. Ne2 Qg6 30. Qf3 O-O 31. Ng3 Qf6 32. Nf5 Bd6 33. g5 hxg5 34.
hxg5 Qg6 35. Qh3 f6 36. gxf6 Rxf6 37. Rg2 Qxg2 38. Qxg2 Rxf5 39. Qg6 Rf6 40.
Qh7+ Kf7 41. Qh5+ Ke7 42. a3 Rdf8 43. Qg5 Kf7 44. Qg4 Kg8 45. Qxc4 a5 46. Qd3
Rf4 47. Qh7+ Kf7 48. Rg1 Rg8 49. Qg6+ 1-0

[Event "XXIII Festival A"]
[Site "Porto San Giorgio ITA"]
[Date "2011.08.27"]
[Round "8"]
[White "Martinez, Rolly"]
[Black "Banusz, Tamas"]
[Result "1/2-1/2"]
[WhiteElo "2419"]
[BlackElo "2554"]
[PlyCount "70"]
[EventDate "2011.08.21"]

1. e4 e5 2. Bc4 Nf6 3. d3 c6 4. Nf3 d5 5. Bb3 Bb4+ 6. Bd2 Bxd2+ 7. Qxd2 Nbd7 8.
Nc3 d4 9. Ne2 O-O 10. Ng3 h6 11. Nf5 Nc5 12. Nxe5 Bxf5 13. exf5 Nxb3 14. axb3
Re8 15. f4 Nd5 16. O-O Ne3 17. Rfe1 Nxf5 18. Re4 c5 19. Rae1 Nd6 20. R4e2 a5
21. Nc4 Rxe2 22. Qxe2 Nxc4 23. dxc4 Qd6 24. Qe4 Rb8 25. Qf5 Rd8 26. Re5 d3 27.
Qxd3 Qxd3 28. cxd3 Rxd3 29. Rxc5 Rxb3 30. Rxa5 Rxb2 31. h3 Kf8 32. Rc5 Ke7 33.
Rc7+ Ke6 34. Kh2 b5 35. cxb5 Rxb5 1/2-1/2

[Event "XXIII Festival A"]
[Site "Porto San Giorgio ITA"]
[Date "2011.08.27"]
[Round "8"]
[White "Martorelli, Angelo"]
[Black "Conti, Ferdinando"]
[Result "1/2-1/2"]
[WhiteElo "1812"]
[BlackElo "1800"]
[PlyCount "105"]
[EventDate "2011.08.21"]

1. Nf3 Nf6 2. g3 d5 3. c4 c6 4. cxd5 Nxd5 5. e4 Nb6 6. d4 Bg4 7. Bg2 h6 8. b3
e6 9. Bb2 Be7 10. O-O O-O 11. h3 Bh5 12. g4 Bg6 13. Ne5 Bh7 14. f4 N8d7 15.
Nxd7 Qxd7 16. Nc3 Rad8 17. Ne2 c5 18. dxc5 Bxc5+ 19. Kh1 Qb5 20. Qe1 Bb4 21. a4
Qxa4 22. bxa4 Bxe1 23. Rfxe1 Nc4 24. Bd4 b6 25. Rac1 Nd2 26. f5 exf5 27. exf5
Nb3 28. Rcd1 Rfe8 29. Bxb6 Rxd1 30. Rxd1 axb6 31. Nf4 Nc5 32. Bc6 Rb8 33. Bb5
g6 34. fxg6 Bxg6 35. Nxg6 fxg6 36. Kg2 Kg7 37. Re1 Rd8 38. Re8 Rd4 39. Ra8 Kf6
40. Kf3 Kg5 41. Kg3 Ne4+ 42. Kf3 Nc3 43. Ra6 Nxb5 44. axb5 Rd6 45. Kg3 Rd3+ 46.
Kg2 Rd6 47. Ra3 Rd2+ 48. Kg3 Rb2 49. h4+ Kf6 50. Rf3+ Kg7 51. Rc3 Rxb5 52. Rc7+
Kf6 53. Rc6+ 1/2-1/2

[Event "XXIII Festival A"]
[Site "Porto San Giorgio ITA"]
[Date "2011.08.27"]
[Round "8"]
[White "Mastroddi, Emiliano"]
[Black "Carnicelli, Flavio"]
[Result "1-0"]
[WhiteElo "2083"]
[BlackElo "1904"]
[PlyCount "99"]
[EventDate "2011.08.21"]

1. c4 e6 2. Nf3 d5 3. g3 c6 4. b3 Nf6 5. Bb2 Be7 6. Bg2 O-O 7. O-O b6 8. d3 Bb7
9. Nbd2 c5 10. e3 Nc6 11. a3 Qd7 12. Qc2 d4 13. exd4 Nxd4 14. Nxd4 Bxg2 15.
Kxg2 cxd4 16. Nf3 Rfd8 17. Qe2 Qb7 18. Kg1 Rd7 19. Bxd4 Rad8 20. Bxf6 Bxf6 21.
Rad1 Qa6 22. a4 Qa5 23. d4 Bxd4 24. Nxd4 Rxd4 25. Rxd4 Rxd4 26. Rd1 Rxd1+ 27.
Qxd1 g6 28. Qf3 Kg7 29. h4 Qc5 30. Qc3+ e5 31. b4 Qd6 32. c5 bxc5 33. bxc5 Qd1+
34. Kg2 Qd5+ 35. f3 Qa2+ 36. Kf1 Qb1+ 37. Ke2 Qa2+ 38. Ke3 Qxa4 39. c6 Qd1 40.
c7 Qg1+ 41. Ke4 Qb1+ 42. Kxe5 f6+ 43. Kd6 Qd1+ 44. Ke7 Qe2+ 45. Kd8 Qd1+ 46.
Kc8 Qd6 47. Kb8 a6 48. Kb7 Qd5+ 49. Qc6 Qb3+ 50. Ka8 1-0

[Event "XXIII Festival A"]
[Site "Porto San Giorgio ITA"]
[Date "2011.08.27"]
[Round "8"]
[White "Mastroddi, Giuseppe"]
[Black "Marcugini, Stefano"]
[Result "1/2-1/2"]
[WhiteElo "1732"]
[BlackElo "1824"]
[PlyCount "89"]
[EventDate "2011.08.21"]

1. d4 Nf6 2. Nf3 g6 3. e3 Bg7 4. Bd3 O-O 5. O-O d6 6. Nbd2 Nbd7 7. b3 c5 8. Bb2
cxd4 9. exd4 d5 10. c3 a5 11. Re1 Re8 12. Qc2 b6 13. Ne5 Ba6 14. Nc6 Bxd3 15.
Qxd3 Qc7 16. Ne5 Nxe5 17. dxe5 Ng4 18. f4 Qc5+ 19. Qd4 h5 20. Qxc5 bxc5 21. Nf1
e6 22. Ne3 Nxe3 23. Rxe3 Rac8 24. Rc1 Rb8 25. c4 d4 26. Rf3 Bf8 27. Rd1 a4 28.
g3 axb3 29. axb3 Rb7 30. Kf1 Reb8 31. Rdd3 Ra8 32. Rd2 Be7 33. h4 Bd8 34. Ke2
Ba5 35. Rc2 Bb4 36. Kd3 Ba3 37. Ke2 Bb4 38. Bc1 Bc3 39. Bd2 Bxd2 40. Kxd2 Ra3
41. Rb2 Rb4 42. Rd3 Kf8 43. Kc2 Ke7 44. Rb1 Ra2+ 45. Rb2 1/2-1/2

[Event "XXIII Festival A"]
[Site "Porto San Giorgio ITA"]
[Date "2011.08.27"]
[Round "8"]
[White "Molina, Fabrizio"]
[Black "Pascucci, Marco"]
[Result "1-0"]
[WhiteElo "2256"]
[BlackElo "2091"]
[PlyCount "35"]
[EventDate "2011.08.21"]

1. Nf3 b6 2. g3 Bb7 3. Bg2 e6 4. c4 f5 5. O-O Nf6 6. d3 Be7 7. Nc3 O-O 8. e4
fxe4 9. Ng5 Nc6 10. dxe4 Ne5 11. Qe2 Nfg4 12. Nh3 Bc5 13. Kh1 Nf6 14. f4 Nc6
15. e5 Nd4 16. Qd1 Bxg2+ 17. Kxg2 Ne8 18. b4 1-0

[Event "XXIII Festival A"]
[Site "Porto San Giorgio ITA"]
[Date "2011.08.27"]
[Round "8"]
[White "Ottaviani, Gianluca"]
[Black "Piro, Valerio"]
[Result "0-1"]
[WhiteElo "1949"]
[BlackElo "2008"]
[PlyCount "110"]
[EventDate "2011.08.21"]

1. e4 c6 2. d4 d5 3. e5 Bf5 4. Be3 e6 5. Nd2 Nd7 6. Be2 c5 7. Ngf3 cxd4 8. Bxd4
Ne7 9. O-O Nc6 10. c3 Be7 11. Re1 a6 12. Nf1 Qc7 13. Ng3 Bg4 14. Nd2 Bxe2 15.
Qxe2 O-O 16. Nb3 Rfc8 17. Rad1 b5 18. Rd3 Nxd4 19. Rxd4 b4 20. cxb4 Qc2 21. Rd2
Qc4 22. Qxc4 Rxc4 23. a3 Rac8 24. Nd4 Bg5 25. Rdd1 Bf4 26. b3 Rc1 27. Rxc1 Rxc1
28. Rxc1 Bxc1 29. b5 axb5 30. Nxb5 Nxe5 31. Ne2 Bd2 32. Ned4 Kf8 33. Kf1 Ke7
34. Ke2 Ba5 35. f4 Ng6 36. g3 Kd7 37. b4 Bd8 38. a4 Ne7 39. a5 Nc6 40. Nxc6
Kxc6 41. Nd4+ Kb7 42. Kd3 g5 43. Kc3 gxf4 44. gxf4 Bc7 45. Ne2 f6 46. Kb3 e5
47. fxe5 fxe5 48. Nc3 e4 49. Nxd5 Bxh2 50. b5 Be5 51. Kc4 h5 52. Ne3 h4 53. Ng4
h3 54. Kd5 e3 55. Nxe3 h2 0-1

[Event "XXIII Festival A"]
[Site "Porto San Giorgio ITA"]
[Date "2011.08.27"]
[Round "8"]
[White "Paniga, Danilo"]
[Black "Mazzarini, Daniele"]
[Result "0-1"]
[WhiteElo "1858"]
[BlackElo "1813"]
[PlyCount "66"]
[EventDate "2011.08.21"]

1. d4 Nf6 2. Nf3 g6 3. Nbd2 Bg7 4. e4 d6 5. Bd3 O-O 6. O-O c5 7. c3 cxd4 8.
cxd4 Nc6 9. b3 Nh5 10. Bb2 Nf4 11. Bb1 Bg4 12. Qe1 e5 13. d5 Nb4 14. Qe3 Na6
15. g3 Bh3 16. Rc1 Ng2 17. Qe2 Rc8 18. Rxc8 Qxc8 19. Bd3 Nc5 20. Rc1 Qg4 21.
Bc4 Bh6 22. b4 Na4 23. Ba3 Rc8 24. Kh1 Nf4 25. Qe3 Bg2+ 26. Kg1 Nh3+ 27. Kxg2
Bxe3 28. fxe3 Nb6 29. b5 Ng5 30. Bd3 Rxc1 31. Bxc1 Nxf3 32. Nxf3 Qc8 33. Bd2
Qc5 0-1

[Event "XXIII Festival A"]
[Site "Porto San Giorgio ITA"]
[Date "2011.08.27"]
[Round "8"]
[White "Panjkovic, Aleksandar"]
[Black "Giampieri, Stefano"]
[Result "1-0"]
[WhiteElo "2173"]
[BlackElo "1847"]
[PlyCount "70"]
[EventDate "2011.08.21"]

1. c4 c6 2. g3 Nf6 3. Bg2 d5 4. Nf3 e6 5. O-O Bd6 6. b3 O-O 7. Bb2 Nbd7 8. d4
Qc7 9. Nc3 dxc4 10. bxc4 a6 11. e4 e5 12. d5 Nc5 13. Qc2 Bd7 14. Rac1 Rfe8 15.
Nd2 Rac8 16. Nb3 cxd5 17. cxd5 Na4 18. Qb1 Qb6 19. h3 Qb4 20. Nxa4 Bxa4 21.
Rxc8 Rxc8 22. Rc1 Rxc1+ 23. Qxc1 h6 24. Qc8+ Bf8 25. Bc3 Qa3 26. Bxe5 Nd7 27.
Bd4 Qxa2 28. Na5 Qd2 29. Qc3 Qd1+ 30. Kh2 Qb1 31. e5 Bb5 32. e6 fxe6 33. dxe6
Nb8 34. Qc8 Qa2 35. e7 Qxa5 1-0

[Event "XXIII Festival A"]
[Site "Porto San Giorgio ITA"]
[Date "2011.08.27"]
[Round "8"]
[White "Pepe, Mario"]
[Black "Cristiani, Cesare"]
[Result "0-1"]
[WhiteElo "1999"]
[BlackElo "2158"]
[PlyCount "47"]
[EventDate "2011.08.21"]

1. e4 e6 2. d4 d5 3. Nc3 Nf6 4. e5 Nfd7 5. f4 c5 6. Nf3 Nc6 7. Be3 Be7 8. Qd2
O-O 9. dxc5 Nxc5 10. Bxc5 Bxc5 11. O-O-O Qa5 12. Kb1 Bb4 13. Nd4 Nxd4 14. Qxd4
Bxc3 15. bxc3 Bd7 16. g4 Rac8 17. Rd3 Rc4 18. Qe3 Ra4 19. Rd4 Rxa2 20. Kc1 Ba4
21. Rb4 Bxc2 22. Bd3 Qa3+ 23. Kd2 Ba4+ 24. Ke1 0-1

[Event "XXIII Festival A"]
[Site "Porto San Giorgio ITA"]
[Date "2011.08.27"]
[Round "8"]
[White "Pescatore, Lorenzo"]
[Black "Madiai, Federico"]
[Result "1/2-1/2"]
[WhiteElo "2121"]
[BlackElo "2195"]
[PlyCount "47"]
[EventDate "2011.08.21"]

1. e4 e5 2. Nf3 Nc6 3. d4 exd4 4. Bc4 Nf6 5. e5 d5 6. Bb5 Ne4 7. Nxd4 Bd7 8.
Bxc6 bxc6 9. O-O Bc5 10. f3 Ng5 11. f4 Ne4 12. Be3 Qb8 13. Nc3 Nxc3 14. bxc3
Qc8 15. Qf3 g6 16. f5 O-O 17. Bh6 Bxf5 18. Bxf8 Qxf8 19. Kh1 Bd7 20. Rae1 Re8
21. Qg3 Qg7 22. Qf4 Bb6 23. Qf6 c5 24. Nc6 1/2-1/2

[Event "XXIII Festival A"]
[Site "Porto San Giorgio ITA"]
[Date "2011.08.27"]
[Round "8"]
[White "Piantieri, Guido"]
[Black "Fagnani, Alessandro"]
[Result "0-1"]
[WhiteElo "1853"]
[BlackElo "1955"]
[PlyCount "50"]
[EventDate "2011.08.21"]

1. e4 e5 2. d4 exd4 3. Qxd4 Nc6 4. Qe3 Bb4+ 5. Nc3 Qf6 6. Bd2 d6 7. O-O-O Bc5
8. Qf4 Qxf4 9. Bxf4 Bxf2 10. Nd5 Bb6 11. Bb5 Bd7 12. Nf3 f6 13. Nd4 Nxd4 14.
Bxd7+ Kxd7 15. Nxb6+ axb6 16. Rxd4 Rxa2 17. Kb1 Ra5 18. Rhd1 Ne7 19. c4 Rha8
20. Kc2 Nc6 21. R4d2 Rc5 22. Kc3 b5 23. b3 bxc4 24. b4 Ra3+ 25. Kb2 Rb3+ 0-1

[Event "XXIII Festival A"]
[Site "Porto San Giorgio ITA"]
[Date "2011.08.27"]
[Round "8"]
[White "Piccinini, Samuele"]
[Black "Zannoni, Gianni"]
[Result "1-0"]
[WhiteElo "1903"]
[BlackElo "1846"]
[PlyCount "57"]
[EventDate "2011.08.21"]

1. d4 Nf6 2. c4 c6 3. Nc3 d5 4. Bg5 Nbd7 5. e3 g6 6. Nf3 Bg7 7. Qc2 O-O 8.
O-O-O a6 9. h3 b5 10. c5 b4 11. Na4 Ne4 12. Bf4 a5 13. Ne5 Bxe5 14. dxe5 f6 15.
f3 Ng5 16. exf6 exf6 17. h4 Ne6 18. Bh6 Re8 19. h5 g5 20. Bd3 Re7 21. f4 Ra7
22. g3 Ba6 23. Bxa6 Rxa6 24. e4 dxe4 25. Qc4 Qc8 26. Rd6 Ndf8 27. Nb6 Rxb6 28.
cxb6 Qb8 29. Bxf8 1-0

[Event "XXIII Festival A"]
[Site "Porto San Giorgio ITA"]
[Date "2011.08.27"]
[Round "8"]
[White "Pierantozzi, Stanislao"]
[Black "Paganini, Andrea"]
[Result "1-0"]
[WhiteElo "1971"]
[BlackElo "1852"]
[PlyCount "138"]
[EventDate "2011.08.21"]

1. d4 d5 2. c4 c6 3. Nf3 Nf6 4. Nc3 a6 5. e3 b5 6. cxd5 cxd5 7. Bd3 Bb7 8. O-O
e6 9. Bd2 Nbd7 10. Be1 Bd6 11. Rc1 Rc8 12. Ne2 O-O 13. Rxc8 Qxc8 14. Ba5 Qe8
15. Ng3 Ne4 16. Qc2 Nxg3 17. hxg3 f5 18. Bc7 Be7 19. Bf4 Qc8 20. Rc1 Qxc2 21.
Rxc2 Rc8 22. Kf1 Rxc2 23. Bxc2 h6 24. Bc7 Nf6 25. Ne5 Ne4 26. Ke2 Nd6 27. Ng6
Kf7 28. Nxe7 Kxe7 29. b3 Ne4 30. Ba5 g5 31. Be1 Nf6 32. f3 Nd7 33. Bb4+ Kf7 34.
Ba5 Nb8 35. a3 Nc6 36. Bc3 a5 37. Bd2 b4 38. a4 Ba6+ 39. Kf2 Kg7 40. Bc1 Kf6
41. Bb2 Kf7 42. Kg1 Ne7 43. Kf2 Ng8 44. e4 fxe4 45. fxe4 dxe4 46. Bxe4 Nf6 47.
Bc2 Bb7 48. Bc1 Bd5 49. Kf1 Ke7 50. Be3 Kd6 51. Bc1 Kc6 52. Be3 Ne4 53. g4 Nf6
54. Bd1 Ne4 55. Bf3 Ng3+ 56. Ke1 Kd6 57. Bxd5 Kxd5 58. Kd2 Ne4+ 59. Ke2 Nc3+
60. Kd3 Nb1 61. Bf2 Nc3 62. Bg3 Kc6 63. Be5 Nd5 64. g3 Ne7 65. Bg7 Ng8 66. Kc4
Kd6 67. Kb5 Ne7 68. Bf8 Kd7 69. Bxe7 Kxe7 1-0

[Event "XXIII Festival A"]
[Site "Porto San Giorgio ITA"]
[Date "2011.08.27"]
[Round "8"]
[White "Plances, Giuseppe"]
[Black "Chiarion, Elisa"]
[Result "0-1"]
[WhiteElo "1734"]
[BlackElo "1964"]
[PlyCount "67"]
[EventDate "2011.08.21"]

1. d4 d5 2. c4 e6 3. Nc3 c6 4. cxd5 exd5 5. Qc2 Nf6 6. Bg5 h6 7. Bh4 Be7 8. e3
O-O 9. Bd3 Re8 10. Nge2 Nbd7 11. O-O Ne4 12. Bxe7 Qxe7 13. Bxe4 dxe4 14. d5 Nb6
15. dxc6 bxc6 16. Ng3 Ba6 17. Rfd1 Bd3 18. Qb3 Rab8 19. Nce2 Nc4 20. Qc3 Rxb2
21. Nf4 Rc2 22. Qb3 Nd2 23. Qa4 Rb8 24. Nf5 Qc5 25. Nxd3 exd3 26. Qg4 Qe5 27.
Nxh6+ Kf8 28. Nf5 Ne4 29. Rab1 Rxb1 30. Rxb1 Rb2 31. Rf1 Rxa2 32. Qh4 Nf6 33.
Qc4 Qd5 34. Qg4 0-1

[Event "XXIII Festival A"]
[Site "Porto San Giorgio ITA"]
[Date "2011.08.27"]
[Round "8"]
[White "Prohaszka, Peter"]
[Black "Mogranzini, Roberto"]
[Result "1/2-1/2"]
[WhiteElo "2547"]
[BlackElo "2433"]
[PlyCount "160"]
[EventDate "2011.08.21"]

1. d4 Nf6 2. c4 g6 3. g3 c5 4. d5 b5 5. cxb5 d6 6. Nc3 Bg7 7. Nf3 a6 8. b6 Qxb6
9. Bg2 a5 10. O-O Ba6 11. Re1 O-O 12. h3 Nbd7 13. e4 Ne8 14. Na4 Qd8 15. Bf4
Nb6 16. e5 Bb7 17. Nxb6 Qxb6 18. Nd2 Ba6 19. Qb3 Rb8 20. Qxb6 Rxb6 21. b3 Nc7
22. Rac1 Re8 23. g4 Bf8 24. exd6 exd6 25. Rxe8 Nxe8 26. Nc4 Bxc4 27. Rxc4 Rb4
28. Bd2 Rxc4 29. bxc4 a4 30. Be4 Nf6 31. Bd3 Nd7 32. f4 Bg7 33. Bc1 Bc3 34. Kf2
Kf8 35. Ke2 Nb6 36. Kd1 Ke7 37. Kc2 Be1 38. Bb2 f6 39. Be2 h6 40. Kd3 Bg3 41.
Bc1 Be1 42. a3 Nd7 43. Bd1 Nb6 44. Bc2 Kf7 45. Bd1 Ke7 46. Be2 Nd7 47. Bb2 Bg3
48. Ke4 Be1 49. Ke3 Nb6 50. Bd3 Kf7 51. Ke2 Bg3 52. Kf3 Be1 53. Ke3 Nd7 54. Ke2
Bg3 55. Bc1 g5 56. Bf5 Nb6 57. fxg5 hxg5 58. Bd3 Be5 59. Kf3 Bc3 60. Ke3 Ke7
61. Be2 Be5 62. Kd3 Kd7 63. Kc2 Bd4 64. Bd2 Be5 65. Ba5 Kc7 66. Be1 Kd7 67. h4
gxh4 68. Bxh4 Ke7 69. Be1 Kd7 70. Bd2 Kc7 71. Bc1 Kd7 72. Kd3 Ke7 73. Ke4 Bc3
74. Kf5 Be5 75. Kg6 Bc3 76. Kf5 Be5 77. g5 fxg5 78. Bxg5+ Kd7 79. Bc1 Bd4 80.
Ke4 Be5 1/2-1/2

[Event "XXIII Festival A"]
[Site "Porto San Giorgio ITA"]
[Date "2011.08.27"]
[Round "8"]
[White "Proietti, Tosca"]
[Black "Panada, Valter"]
[Result "1-0"]
[WhiteElo "1821"]
[BlackElo "1902"]
[PlyCount "131"]
[EventDate "2011.08.21"]

1. e4 e5 2. Nf3 Nc6 3. Bc4 Nf6 4. d3 Be7 5. Nc3 O-O 6. O-O d6 7. h3 a6 8. a3
Be6 9. Nd5 Na5 10. Nxe7+ Qxe7 11. Bxe6 fxe6 12. d4 exd4 13. Qxd4 c5 14. Qd3 Nc6
15. Bg5 Rad8 16. Rad1 b5 17. c3 Ne5 18. Nxe5 dxe5 19. Qe2 Qf7 20. f3 Qc7 21.
Bh4 Rxd1 22. Rxd1 Nh5 23. Qd2 Nf4 24. Qd6 Qxd6 25. Rxd6 Ra8 26. Kf1 c4 27. Bg5
Nd3 28. b3 Nc5 29. bxc4 Kf7 30. Rc6 Nd7 31. Rc7 Ke8 32. Be3 Kd8 33. Rc6 Ke7 34.
cxb5 axb5 35. Bg5+ Ke8 36. Rxe6+ Kf8 37. Rd6 Ke8 38. Bc1 Ke7 39. Rd5 Rb8 40.
Ke2 Ke6 41. Kd3 Nf6 42. Rc5 Kd6 43. Be3 Nd7 44. Rd5+ Kc6 45. Kc2 Ra8 46. Kb3
Ra4 47. h4 h6 48. h5 Rc4 49. g4 Ra4 50. g5 hxg5 51. Bxg5 Rc4 52. Be7 Ra4 53.
Rd6+ Kc7 54. Rg6 Ra8 55. Rxg7 Rh8 56. Rg5 Rh7 57. Bb4 Rh6 58. c4 bxc4+ 59. Kxc4
Nb6+ 60. Kd3 Nd7 61. Ke3 Rh8 62. f4 exf4+ 63. Kxf4 Nf6 64. Kf5 Nxh5 65. e5 Rh7
66. Kg6 1-0

[Event "XXIII Festival A"]
[Site "Porto San Giorgio ITA"]
[Date "2011.08.27"]
[Round "8"]
[White "Ramundi, Lorenzo"]
[Black "Tortolini, Francesco"]
[Result "0-1"]
[WhiteElo "1617"]
[BlackElo "1918"]
[PlyCount "60"]
[EventDate "2011.08.21"]

1. e4 d5 2. exd5 Qxd5 3. Nc3 Qa5 4. d4 Nf6 5. Nf3 Bf5 6. Be2 e6 7. O-O Nbd7 8.
Bd2 c6 9. Ne4 Qc7 10. Nxf6+ gxf6 11. Re1 Bd6 12. Bc3 O-O-O 13. Bd3 Bxd3 14.
Qxd3 h5 15. h4 Rdg8 16. Re4 Rg6 17. Ne1 Rhg8 18. a4 f5 19. Re3 Rg4 20. Rh3 Be7
21. g3 f4 22. Qh7 fxg3 23. Qxh5 gxf2+ 24. Kxf2 Qf4+ 25. Ke2 Bxh4 26. Bd2 Qxd4
27. Qxf7 Bxe1 28. Kxe1 Rg1+ 29. Ke2 R1g2+ 30. Ke1 Qxd2+ 0-1

[Event "XXIII Festival A"]
[Site "Porto San Giorgio ITA"]
[Date "2011.08.27"]
[Round "8"]
[White "Reif, Werner"]
[Black "Arnetta, Maria Teresa"]
[Result "0-1"]
[WhiteElo "1848"]
[BlackElo "2069"]
[PlyCount "58"]
[EventDate "2011.08.21"]

1. d4 e6 2. Nf3 f5 3. Nc3 Nf6 4. Bg5 Bb4 5. a3 Bxc3+ 6. bxc3 O-O 7. e3 c5 8.
Be2 Qa5 9. O-O Qxc3 10. Bxf6 Rxf6 11. dxc5 Qxc5 12. Nd4 a6 13. Qd2 Qc7 14. Rab1
Nc6 15. Nxc6 bxc6 16. Qb4 Rf8 17. Qb6 Qe5 18. Rb2 a5 19. Rfb1 f4 20. Qd4 Qc7
21. exf4 Rxf4 22. Qb6 Qe5 23. Bd3 Rf8 24. g3 Qf6 25. Qc5 e5 26. Rb8 d6 27. Qxc6
Rxb8 28. Rxb8 Qxf2+ 29. Kh1 Qe1+ 0-1

[Event "XXIII Festival A"]
[Site "Porto San Giorgio ITA"]
[Date "2011.08.27"]
[Round "8"]
[White "Rinaudo, Andrea"]
[Black "Ragonese, Lucio Rosario"]
[Result "1-0"]
[WhiteElo "2090"]
[BlackElo "1969"]
[PlyCount "39"]
[EventDate "2011.08.21"]

1. e4 c6 2. d4 d5 3. f3 g6 4. c4 Bg7 5. cxd5 cxd5 6. Bb5+ Nc6 7. e5 e6 8. Nc3
Bd7 9. f4 Nh6 10. Nf3 Nf5 11. O-O Qb6 12. Kh1 Ncxd4 13. Bxd7+ Kxd7 14. g4 Nxf3
15. Rxf3 Nh6 16. Rd3 Rhd8 17. Be3 Qa6 18. Ne4 b6 19. Nd6 Bf8 20. Ra3 1-0

[Event "XXIII Festival A"]
[Site "Porto San Giorgio ITA"]
[Date "2011.08.27"]
[Round "8"]
[White "Rinaudo, Sergio"]
[Black "Vezzosi, Paolo"]
[Result "0-1"]
[WhiteElo "2144"]
[BlackElo "2355"]
[PlyCount "72"]
[EventDate "2011.08.21"]

1. d4 Nf6 2. Nf3 c5 3. Nc3 cxd4 4. Qxd4 Nc6 5. Qa4 e6 6. e4 Bb4 7. Bd2 O-O 8.
a3 Ba5 9. e5 Bxc3 10. Bxc3 Nd5 11. Bd2 Qc7 12. Qe4 f5 13. exf6 Nxf6 14. Qh4 d6
15. Be2 e5 16. O-O Bg4 17. Rfe1 e4 18. Ng5 Bxe2 19. Rxe2 Nd4 20. Re3 h6 21. Rc3
Qd7 22. Nh3 Ne2+ 23. Kh1 Nxc3 24. Bxc3 Qf5 25. Rd1 e3 26. fxe3 Qxc2 27. Qd4
Rae8 28. Rd2 Qc1+ 29. Ng1 Rf7 30. Rd1 Qxe3 31. Qa4 Re4 32. Qa5 Ng4 33. Nh3 Qd3
34. Qd8+ Kh7 35. Rg1 Re2 36. Qh4 Qxh3 0-1

[Event "XXIII Festival A"]
[Site "Porto San Giorgio ITA"]
[Date "2011.08.27"]
[Round "8"]
[White "Ripa', Daniele"]
[Black "Suppa, Ercole"]
[Result "1/2-1/2"]
[WhiteElo "1966"]
[BlackElo "2123"]
[PlyCount "40"]
[EventDate "2011.08.21"]

1. e4 c5 2. c3 e6 3. d4 d5 4. e5 Nc6 5. Nf3 Qb6 6. a3 cxd4 7. cxd4 Nh6 8. Bd3
Bd7 9. Bc2 Rc8 10. Nc3 a6 11. O-O Na7 12. Na4 Qc6 13. Nc3 Qb6 14. Bd3 Nb5 15.
Nxb5 Bxb5 16. Bxh6 Bxd3 17. Qxd3 gxh6 18. Rac1 Rc6 19. Rc3 Bg7 20. Rfc1 Rxc3
1/2-1/2

[Event "XXIII Festival A"]
[Site "Porto San Giorgio ITA"]
[Date "2011.08.27"]
[Round "8"]
[White "Romanishin, Oleg M."]
[Black "Calavalle, Giulio"]
[Result "1-0"]
[WhiteElo "2526"]
[BlackElo "2239"]
[PlyCount "96"]
[EventDate "2011.08.21"]

1. d4 d5 2. Nf3 Nf6 3. c4 c6 4. e3 Bg4 5. h3 Bxf3 6. Qxf3 e6 7. Nc3 Nbd7 8. Bd3
Bb4 9. O-O O-O 10. Qd1 dxc4 11. Bxc4 e5 12. Qb3 Qb6 13. Rd1 Bd6 14. d5 Qc7 15.
dxc6 bxc6 16. Qc2 Nb6 17. Be2 Nfd5 18. Ne4 Be7 19. Bd2 f5 20. Nc5 Qd6 21. Rac1
Rac8 22. e4 Qxc5 23. Qxc5 Bxc5 24. Rxc5 fxe4 25. Bg4 Rc7 26. Rdc1 Rf6 27. g3
Rd6 28. R1c2 Kf7 29. b4 Kf6 30. a3 g6 31. h4 h5 32. Bh3 a6 33. Ra5 Ra7 34. Bg5+
Kf7 35. Bf1 Nf6 36. Be3 Nfd5 37. Bc5 Rf6 38. Bg2 Ra8 39. Bxe4 Nd7 40. b5 Nc7
41. Be3 axb5 42. Rxa8 Nxa8 43. Bxc6 Nab6 44. Bxb5 Rd6 45. a4 Rd1+ 46. Kg2 Ra1
47. Rc7 Ke6 48. Bxb6 Kd5 1-0

[Event "XXIII Festival A"]
[Site "Porto San Giorgio ITA"]
[Date "2011.08.27"]
[Round "8"]
[White "Sorbera, Giovanni"]
[Black "Mazzarella, Antonio"]
[Result "1/2-1/2"]
[WhiteElo "2197"]
[BlackElo "2028"]
[PlyCount "94"]
[EventDate "2011.08.21"]

1. e4 e6 2. d4 d5 3. Nd2 dxe4 4. Nxe4 Nd7 5. Nf3 Ngf6 6. Nxf6+ Nxf6 7. Bd3 Be7
8. O-O O-O 9. Bg5 b6 10. Qe2 Bb7 11. Rad1 Bxf3 12. Qxf3 Qd5 13. Qxd5 Nxd5 14.
Bd2 Rad8 15. c4 Nf6 16. Bc3 c5 17. dxc5 Bxc5 18. Bc2 Be7 19. b4 Rxd1 20. Rxd1
Rc8 21. Bd3 Nd5 22. cxd5 Rxc3 23. dxe6 fxe6 24. b5 Ba3 25. f4 Rc1 26. Rxc1 Bxc1
27. g3 h6 28. Bc4 Kf7 29. f5 Ke7 30. Bxe6 Ba3 31. Kf2 Kf6 32. Kf3 Ke5 33. h4
Bc5 34. Bc8 Bb4 35. a4 Bc5 36. f6 gxf6 37. Kg4 Bf2 38. Bb7 f5+ 39. Kf3 Be1 40.
Bc8 Bd2 41. h5 Be1 42. Bd7 Bd2 43. Ke2 Bc3 44. Kd3 Be1 45. g4 fxg4 46. Bxg4 Ba5
47. Kc4 Be1 1/2-1/2